Neujahrsblatt / (Record no. 1770)

MARC details
000 -LEADER
fixed length control field 03805cas a2200829 a 4500
001 - CONTROL NUMBER
control field data
005 - DATE AND TIME OF LATEST TRANSACTION
control field 20260322212117.0
008 - FIXED-LENGTH DATA ELEMENTS--GENERAL INFORMATION
fixed length control field data
010 ## - LIBRARY OF CONGRESS CONTROL NUMBER
LC control number sf 89090989
Canceled/invalid LC control number sn 86012979
016 7# - NATIONAL BIBLIOGRAPHIC AGENCY CONTROL NUMBER
Record control number 9814909
Source DNLM
016 7# - NATIONAL BIBLIOGRAPHIC AGENCY CONTROL NUMBER
Record control number SR0082844
Source DNLM
016 7# - NATIONAL BIBLIOGRAPHIC AGENCY CONTROL NUMBER
Record control number 012419980
Source Uk
019 ## -
-- 1231161931
-- 1113621755
-- 1231055465
-- 1231161931
022 ## - INTERNATIONAL STANDARD SERIAL NUMBER
International Standard Serial Number 0379-1327
Source z
023 0# - CLUSTER ISSN
Cluster ISSN 0379-1327
Source z
029 1# - OTHER SYSTEM CONTROL NUMBER (OCLC)
OCLC library identifier AU@
System control number 000004586928
029 1# - OTHER SYSTEM CONTROL NUMBER (OCLC)
OCLC library identifier AU@
System control number 000047392127
029 1# - OTHER SYSTEM CONTROL NUMBER (OCLC)
OCLC library identifier NLM
System control number 9814909
029 1# - OTHER SYSTEM CONTROL NUMBER (OCLC)
OCLC library identifier UKMGB
System control number 012419980
029 1# - OTHER SYSTEM CONTROL NUMBER (OCLC)
OCLC library identifier ZWZ
System control number 039561593
030 ## - CODEN DESIGNATION
CODEN NNGZB2
035 ## - SYSTEM CONTROL NUMBER
System control number (OCoLC)5885912
040 ## - CATALOGING SOURCE
Original cataloging agency NOC
Language of cataloging eng
Transcribing agency NOC
Modifying agency OCLCQ
-- AIP
-- AGL
-- AIP
-- DLC
-- NST
-- NSD
-- OCL
-- DLC
-- NLM
-- OCLCQ
-- AU@
-- OCLCQ
-- OCLCF
-- OCLCO
-- DLC
-- OCLCQ
-- OCLCO
-- AOW
-- OCLCO
-- OCLCQ
-- GUA
-- OCLCA
-- UKMGB
-- OCLCA
-- OCLCQ
-- PUL
-- OCL
-- DLC
-- OCLCL
-- OCLCQ
042 ## - AUTHENTICATION CODE
Authentication code pcc
-- pcc
043 ## - GEOGRAPHIC AREA CODE
Geographic area code e-sz---
050 00 - LIBRARY OF CONGRESS CALL NUMBER
Classification number Q67
Item number .Z96
060 00 - NATIONAL LIBRARY OF MEDICINE CALL NUMBER
Classification number W1
Item number NE3183
070 0# - NATIONAL AGRICULTURAL LIBRARY CALL NUMBER
Classification number 508
Item number Z8N
072 #0 - SUBJECT CATEGORY CODE
Subject category code X300
072 #0 - SUBJECT CATEGORY CODE
Subject category code F000
072 #0 - SUBJECT CATEGORY CODE
Subject category code L000
130 0# - MAIN ENTRY--UNIFORM TITLE
Uniform title Neujahrsblatt (Naturforschende Gesellschaft in Zürich)
210 0# - ABBREVIATED TITLE
Abbreviated title Neujahrsbl.- Herausg. Naturforsch. Ges. Zür.
222 #0 - KEY TITLE
Key title Neujahrsblatt - Herausgegeben von der Naturforschenden Gesellschaft in Zürich
242 00 - TRANSLATION OF TITLE BY CATALOGING AGENCY
Title New Year pamphlet /
Statement of responsibility, etc. Issued by the Natural Science Society
Language code of translated title eng
245 10 - TITLE STATEMENT
Title Neujahrsblatt /
Statement of responsibility, etc. herausgegeben von der Naturforschenden Gesellschaft auf das Jahr ...
246 1# - VARYING FORM OF TITLE
Display text From <2015-2019>, some issues may have title:
Title proper/short title Neujahrsblatt der Naturforschenden Gesellschaft in Zürich NGZH
260 ## - PUBLICATION, DISTRIBUTION, ETC.
Materials specified <1871-> :
Place of publication, distribution, etc. Zürich :
Name of publisher, distributor, etc. Orell Füssli Graphische Betriebe AG,
Date of publication, distribution, etc. 1871-
260 3# - PUBLICATION, DISTRIBUTION, ETC.
Materials specified <2015-2019> :
Place of publication, distribution, etc. Zürich :
Name of publisher, distributor, etc. Naturforschenden Gesellschaft in Zürich
300 ## - PHYSICAL DESCRIPTION
Extent volumes :
Other physical details illustrations ;
Dimensions 22-35 cm
310 ## - CURRENT PUBLICATION FREQUENCY
Current publication frequency Annual
336 ## - CONTENT TYPE
Content type term text
Content type code txt
Source rdacontent
337 ## - MEDIA TYPE
Media type term unmediated
Media type code n
Source rdamedia
338 ## - CARRIER TYPE
Carrier type term volume
Carrier type code nc
Source rdacarrier
362 0# - DATES OF PUBLICATION AND/OR SEQUENTIAL DESIGNATION
Dates of publication and/or sequential designation 73-
500 ## - GENERAL NOTE
General note Title from cover.
515 ## - NUMBERING PECULIARITIES NOTE
Numbering peculiarities note Vols. 159-162 numbered also within v. 101-104 of: Vierteljahrsschrift der Naturforschenden Gesellschaft in Zürich, ISSN 0042-5672.
580 ## - LINKING ENTRY COMPLEXITY NOTE
Linking entry complexity note Vols. 146-158 issued as Beihefte to: Vierteljahrsschrift der Natur forschenden Gesellschaft in Zürich, ISSN 0042-5672. <Vol. 186-> issued as <Heft 5-> to: Vierteljahrsschrift der Naturforschenden Gesellschaft in Zurich.
588 ## - SOURCE OF DESCRIPTION NOTE
Source of description note Latest issue consulted: 2018.
590 ## - LOCAL NOTE (RLIN)
Local note SERBIB/SERLOC merged record
650 #0 - SUBJECT ADDED ENTRY--TOPICAL TERM
Topical term or geographic name entry element Science.
650 12 - SUBJECT ADDED ENTRY--TOPICAL TERM
Topical term or geographic name entry element Science.
650 #3 - SUBJECT ADDED ENTRY--TOPICAL TERM
Topical term or geographic name entry element Science
Form subdivision Periodicals.
650 #3 - SUBJECT ADDED ENTRY--TOPICAL TERM
Topical term or geographic name entry element Science
Geographic subdivision Switzerland
Form subdivision Periodicals.
650 #7 - SUBJECT ADDED ENTRY--TOPICAL TERM
Topical term or geographic name entry element Science.
Source of heading or term fast
Authority record control number or standard number (OCoLC)fst01108176
651 #2 - SUBJECT ADDED ENTRY--GEOGRAPHIC NAME
Geographic name Switzerland.
655 #7 - INDEX TERM--GENRE/FORM
Genre/form data or focus term Periodicals.
Source of term fast
Authority record control number or standard number (OCoLC)fst01411641
655 #7 - INDEX TERM--GENRE/FORM
Genre/form data or focus term Periodicals.
Source of term lcgft
Authority record control number or standard number (uri) http://id.loc.gov/authorities/genreForms/gf2014026139
-- (uri) http://id.loc.gov/authorities/genreForms/gf2014026139
710 2# - ADDED ENTRY--CORPORATE NAME
Corporate name or jurisdiction name as entry element Naturforschende Gesellschaft in Zürich.
Real World Object URI https://id.oclc.org/worldcat/entity/E39QH7JmppRtbQqY9gmgwyWBqF
772 1# - SUPPLEMENT PARENT ENTRY
Title Vierteljahrsschrift der Naturforschenden Gesellschaft in Zürich
International Standard Serial Number 0042-5672
Record control number (OCoLC)1607878
-- (OCoLC)1607878
776 08 - ADDITIONAL PHYSICAL FORM ENTRY
Relationship information Online version:
Title Neujahrsblatt (Naturforschende Gesellschaft in Zürich)
Record control number (OCoLC)609776657
780 00 - PRECEDING ENTRY
Title An die züricherische Jugend auf das Jahr ...
Record control number (OCoLC)44528810
-- (OCoLC)44528810
787 1# - OTHER RELATIONSHIP ENTRY
Title Vierteljahrsschrift der Naturforschenden Gesellschaft in Zürich
International Standard Serial Number 0042-5672
Record control number (OCoLC)1607878
-- (OCoLC)1607878
890 ## -
-- Neujahrsblatt (Naturforschende Gellschaft in Zürich)
-- sf89-90989
906 ## - LOCAL DATA ELEMENT F, LDF (RLIN)
a 7
b cbc
c serials
d u
e ncip
f 19
g n-oclcserc
925 0# -
-- Acquire
-- 1 shelf copy
-- policy default
920 ## -
-- Keep 1
991 ## -
-- c-Ser
-- WMLC L 83/6414
-- SERIALS
992 ## -
-- B/L
-- SERLOC
Holdings
Withdrawn status Lost status Damaged status Not for loan Home library Current library Shelving location Date acquired Total checkouts Full call number Barcode Date last seen Price effective from Koha item type
        Franklin Franklin General stacks 22/03/2026   Q67 LOC-FRL-00006 22/03/2026 22/03/2026 Books